000 00772cab a2200205 4500
001 WB2828-11
008 090401t1992 xxu||||| |||| 00| 0 eng d
035 _a(Sirsi) u59667
041 _aeng
245 _aAsbestos rules
260 _c1992
350 _a0
490 _aENDS Report
_v(209) June 1992, 30(1)
520 _aProposals to implement three EC Directives on asbestos have been issued for consultation by the Health and Safety Commission. They will have limited impact on UK industry although associated amendments to an existing code of practice will demand improved working methods in asbestos removal.
650 _aASBESTOS REMOVAL
650 _aEC DIRECTIVES
690 _aBUILT ENVIRONMENT-BUILDING STANDARDS
942 _n0
948 _c04/03/1997
999 _c36642
_d36642